|
|
|
|
| LEADER |
00000cas a2200000 a 4500 |
| 001 |
vtls010553393 |
| 003 |
SK-MaSNL |
| 005 |
20260228161143.0 |
| 008 |
131024c19979999xo u p 001 b0slo |
| 022 |
|
|
|a 1339-8415
|
| 040 |
|
|
|a SVKPO
|b slo
|c SVKPO
|d SNK
|e AACR2
|
| 041 |
0 |
|
|a slo
|
| 044 |
|
|
|a xo
|c SK
|
| 072 |
|
7 |
|a 615
|x Farmácia. Farmakológia
|2 konspekt
|
| 072 |
|
7 |
|a 616
|x Patológia. Klinická medicína
|2 konspekt
|
| 080 |
|
|
|a 615.2
|2 2011
|
| 080 |
|
|
|a 616-08
|2 2011
|
| 080 |
|
|
|a 050
|2 2011
|
| 080 |
|
|
|a 616-07
|2 2011
|
| 080 |
|
|
|a (051)-027.561
|2 2011
|
| 210 |
0 |
|
|a Štand. diagn. ter. postup
|
| 222 |
|
0 |
|a Štandardný diagnostický a terapeutický postup
|
| 245 |
0 |
0 |
|a Štandardný diagnostický a terapeutický postup
|b metodický list racionálnej farmakoterapie
|
| 246 |
3 |
1 |
|a Metodický list Ústrednej komisie racionálnej farmakoterapie a liekovej politiky MZ SR
|
| 246 |
3 |
1 |
|a Štandardný diagnostický a terapeutický postup
|
| 246 |
3 |
1 |
|a Metodický list racionálnej farmakoterapie
|
| 246 |
3 |
1 |
|a ...metodický list racionálnej farmakoterapie
|
| 260 |
|
|
|a Bratislava
|b Herba
|c 1997-
|
| 300 |
|
|
|a zv.
|b obr., tab.
|c 30 cm
|
| 310 |
|
|
|a Občasník
|
| 362 |
0 |
|
|a Roč. 1, č. 1-2 (1997)-
|
| 490 |
0 |
|
|a Odborné odporúčania pre klinickú prax. Metodické listy racionálnej farmakoterapie
|
| 500 |
|
|
|a Do r. 2000 mal titul podnázov: Metodický list Ústrednej komisie racionálnej farmakoterapie a liekovej politiky MZ SR
|
| 500 |
|
|
|a Priebežné číslovanie v rámci rokov
|
| 500 |
|
|
|a Podnázov začína poradovým číslom metodického listu
|
| 500 |
|
|
|a Popis podľa roč. 21,č. 1-2/2018
|
| 500 |
|
|
|a Evidenčné číslo: EV 5517/17
|
| 500 |
|
|
|a ISSN pridelené v roku 2014
|
| 504 |
|
|
|a Bibliogr. odkazy
|
| 525 |
|
|
|a Do r. 2006 príloha vychádzala zviazaná so základnými časopisom: Farmaceutický obzor = ISSN 0014-8172
|
| 525 |
|
|
|a Je prílohou časopisu: Pediater a nedonosené dieťa = ISSN 2453-9031
|
| 525 |
|
|
|a Od roku 2000? ako príloha časopisu: Lekársky obzor = ISSN 0457-4214
|
| 650 |
0 |
7 |
|a farmakoterapia
|2 SNKPH
|9 14158
|
| 650 |
0 |
7 |
|a diagnostika (medicína)
|2 SNKPH
|9 28740
|
| 655 |
|
7 |
|a odborné časopisy
|2 SNKPH
|9 70505
|
| 772 |
0 |
|
|t Farmaceutický obzor
|x 0014-8172
|
| 772 |
0 |
|
|t Lekársky obzor
|x 0457-4214
|
| 772 |
0 |
|
|t Pediater a nedonosené dieťa
|x 2453-9031
|
| 830 |
|
0 |
|a Odborné odporúčania pre klinickú prax. Metodické listy racionálnej farmakoterapie
|9 268095
|
| 856 |
|
|
|u http://www.metodicke.herba.sk/index.php
|
| 910 |
|
|
|a snk
|
| 916 |
|
|
|a 2018
|
| 999 |
|
|
|c 4499
|d 6429
|
| 952 |
|
|
|0 0
|1 0
|4 0
|7 0
|8 0
|a SNK
|b SNK
|d 2019-09-18
|f 1
|i snk2019/23189
|l 0
|o snkČSB 7242/21/2018
|p 17A1382965
|r 2026-02-21 21:52:13
|t č. 1-2
|w 2026-02-21
|y PREZ
|
| 952 |
|
|
|0 0
|1 0
|4 0
|7 0
|8 0
|a SNK
|b SNK
|d 2019-09-18
|i snk2019/23202
|l 0
|o snkČSB 7242/21/2018 D1
|p 17A1382964
|r 2026-02-21 21:52:13
|t č. 1-2
|w 2026-02-21
|y PREZ
|